| 000 | 00459cam a2200181ua 4500 | ||
|---|---|---|---|
| 001 | 10720 | ||
| 005 | 20260515114644.0 | ||
| 008 | 190330n ii |||gr||||Z||||||eng | ||
| 020 | _a8171698360 | ||
| 040 | _cMAIN | ||
| 082 | _a327 | ||
| 100 |
_aP B Rathod, _eAuthor. |
||
| 245 |
_aInternational relations _bConcepts and theories |
||
| 260 |
_aNew Delhi: _bCommonwelth publishers, _c2005. |
||
| 300 | _a218p. | ||
| 653 | _aInternational relations | ||
| 942 | _cBK | ||
| 999 |
_c9677 _d9677 |
||